<?xml version="1.0" encoding="UTF-8"?>
<record
    xmlns:xsi="http://www.w3.org/2001/XMLSchema-instance"
    xsi:schemaLocation="http://www.loc.gov/MARC21/slim http://www.loc.gov/standards/marcxml/schema/MARC21slim.xsd"
    xmlns="http://www.loc.gov/MARC21/slim">

  <leader>00605nam a22001817a 4500</leader>
  <controlfield tag="008">200131b        xxu||||| |||| 00| 0 eng d</controlfield>
  <datafield tag="020" ind1=" " ind2=" ">
    <subfield code="a">9789937061803</subfield>
  </datafield>
  <datafield tag="041" ind1=" " ind2=" ">
    <subfield code="a">Nep.</subfield>
  </datafield>
  <datafield tag="082" ind1=" " ind2=" ">
    <subfield code="a">N808.803523/Si924s</subfield>
  </datafield>
  <datafield tag="100" ind1=" " ind2=" ">
    <subfield code="a">Sitaula, Shrija/&#x938;&#x93F;&#x91F;&#x94C;&#x932;&#x93E;, &#x936;&#x94D;&#x930;&#x940;&#x91C;&#x93E;</subfield>
  </datafield>
  <datafield tag="241" ind1=" " ind2=" ">
    <subfield code="a">Shrija sitaulaka baal katha sangraha</subfield>
  </datafield>
  <datafield tag="245" ind1=" " ind2=" ">
    <subfield code="a">&#x936;&#x94D;&#x930;&#x940;&#x91C;&#x93E; &#x938;&#x93F;&#x91F;&#x94C;&#x932;&#x93E;&#x915;&#x94B; &#x92C;&#x93E;&#x932;&#x915;&#x925;&#x93E; &#x938;&#x919;&#x94D;&#x917;&#x94D;&#x930;&#x939;</subfield>
  </datafield>
  <datafield tag="260" ind1=" " ind2=" ">
    <subfield code="a">Biratnagar:</subfield>
    <subfield code="b">Sakunta satyal,</subfield>
    <subfield code="c">2076 </subfield>
  </datafield>
  <datafield tag="300" ind1=" " ind2=" ">
    <subfield code="a">94p.;illus.</subfield>
  </datafield>
  <datafield tag="650" ind1=" " ind2=" ">
    <subfield code="a">Children's literature</subfield>
    <subfield code="9">13418</subfield>
  </datafield>
  <datafield tag="650" ind1=" " ind2=" ">
    <subfield code="a">Children's stories</subfield>
  </datafield>
  <datafield tag="942" ind1=" " ind2=" ">
    <subfield code="2">ddc</subfield>
    <subfield code="c">ISBN</subfield>
  </datafield>
  <datafield tag="999" ind1=" " ind2=" ">
    <subfield code="c">91746</subfield>
    <subfield code="d">91735</subfield>
  </datafield>
  <datafield tag="952" ind1=" " ind2=" ">
    <subfield code="0">0</subfield>
    <subfield code="1">0</subfield>
    <subfield code="2">ddc</subfield>
    <subfield code="4">0</subfield>
    <subfield code="7">0</subfield>
    <subfield code="a">TUCL</subfield>
    <subfield code="b">TUCL</subfield>
    <subfield code="d">2020-01-31</subfield>
    <subfield code="l">0</subfield>
    <subfield code="o">N808.803 523/Si924s</subfield>
    <subfield code="p">IS16766</subfield>
    <subfield code="r">2020-01-31 00:00:00</subfield>
    <subfield code="w">2020-01-31</subfield>
    <subfield code="y">ISBN</subfield>
  </datafield>
  <datafield tag="952" ind1=" " ind2=" ">
    <subfield code="0">0</subfield>
    <subfield code="1">0</subfield>
    <subfield code="2">ddc</subfield>
    <subfield code="4">0</subfield>
    <subfield code="7">0</subfield>
    <subfield code="a">TUCL</subfield>
    <subfield code="b">TUCL</subfield>
    <subfield code="d">2020-02-13</subfield>
    <subfield code="l">0</subfield>
    <subfield code="o">N808.803 523/Si924s</subfield>
    <subfield code="p">IS16765</subfield>
    <subfield code="r">2020-02-13 00:00:00</subfield>
    <subfield code="w">2020-02-13</subfield>
    <subfield code="y">ISBN</subfield>
  </datafield>
</record>
